Vitaminas : (Registro nro. 21774)

Detalles MARC
000 -LEADER
fixed length control field 01869nam a2200301 4500
003 - CONTROL NUMBER IDENTIFIER
control field CO-CtgCURN
005 - DATE AND TIME OF LATEST TRANSACTION
control field 20250515175324.0
008 - FIXED-LENGTH DATA ELEMENTS--GENERAL INFORMATION
fixed length control field 160627s2024 000 0 eng d
020 ## - INTERNATIONAL STANDARD BOOK NUMBER
International Standard Book Number 978-628-01-2298-4
040 ## - CATALOGING SOURCE
Original cataloging agency CO-CtgCURN
Language of cataloging spa
Transcribing agency coctgcurn
082 0# - DEWEY DECIMAL CLASSIFICATION NUMBER
Classification number 612.399
Item number G633
100 1# - MAIN ENTRY--PERSONAL NAME
Personal name Gómez Padilla, Adolfo.
245 10 - TITLE STATEMENT
Title Vitaminas :
Remainder of title biomoléculas esenciales para la salud /
Statement of responsibility, etc. Adolfo Gómez Padilla; María Lima de Gómez.
260 ## - PUBLICATION, DISTRIBUTION, ETC.
Place of publication, distribution, etc. Barranquilla, Colombia :
Name of publisher, distributor, etc. Agopa :
-- Unicorsalud,
Date of publication, distribution, etc. 2024.
300 ## - PHYSICAL DESCRIPTION
Extent 495 páginas :
Other physical details ilustraciones con gráficos blanco y negro ;
Dimensions 24 cms.
336 ## - CONTENT TYPE
Source rdacontent
337 ## - MEDIA TYPE
Source rdamedia
Media type term sin mediacion
Media type code n
338 ## - CARRIER TYPE
Source rdacarrier
Carrier type term volumen
Carrier type code nc
500 ## - GENERAL NOTE
General note Incluye indice.
505 8# - FORMATTED CONTENTS NOTE
Formatted contents note Volver a tomar en serio la empresa.--Dirigir la empresa para los clientes.--Ofrecer para los clientes lo que realmente desean.--Dar prioridad a los procesos.--Establecer el orden,alli donde reina el caos.--Medir y evaluar lo que nos interesa.--Gestionar sin estructura.--Centrarse en el cliente final
520 8# - SUMMARY, ETC.
Summary, etc. "Texto básico de vitaminología, útil para estudiantes de medicina, nutrición, odontología, bacteriología, enfermería y farmacia, al tiempo que pudiera servir para los estudiantes de cualquier carrera relacionada con las ciencias biológicas y ciencias de la salud que se interesen en profundizar sus conocimientos sobre vitaminas, al integrar una información seria acerca de las vitaminas con las nociones específicas que ellos, en su futura ocupación profesional, habrán de emplear.
650 #0 - SUBJECT ADDED ENTRY--TOPICAL TERM
Topical term or geographic name entry element Alimentos
Form subdivision contenido vitamínico.
650 #4 - SUBJECT ADDED ENTRY--TOPICAL TERM
Topical term or geographic name entry element Vitaminas
General subdivision Efectos fisiológicos.
650 #4 - SUBJECT ADDED ENTRY--TOPICAL TERM
Topical term or geographic name entry element Vitaminas en la nutrición humana.
700 1# - ADDED ENTRY--PERSONAL NAME
Personal name Lima de Gómez, María.
942 ## - ADDED ENTRY ELEMENTS (KOHA)
Koha item type Libros
Classification part 612.399
Item part G633
Source of classification or shelving scheme Dewey Decimal Classification
Suppress in OPAC No
Existencias
Withdrawn status Lost status Source of classification or shelving scheme Damaged status Not for loan Collection Home library Current library Shelving location Date acquired Inventory number Total checkouts Full call number Barcode Date last seen Date last checked out Price effective from Koha item type Public note
    Dewey Decimal Classification     General Miguel Henríquez Emiliani Miguel Henríquez Emiliani General 03/04/2019 025181 1 612.399 G633 025181 08/08/2025 08/06/2025 03/04/2024 Libros 610-CIENME